| 000 | 00935nam a2200289Ia 4500 | ||
|---|---|---|---|
| 001 | A0457 | ||
| 003 | IT-RoPAU | ||
| 008 | 130308s9999 xx 000 0 und d | ||
| 040 | _aIT-RoPAU | ||
| 040 | _cIT-RoPAU | ||
| 041 | _aITALIANO | ||
| 100 | _aLiberti Fabrizio | ||
| 100 | _gCodice Aut. SPICS: 25278 | ||
| 245 | _aVelluto blu-Blue velvet di David Lynch | ||
| 245 | _bDavid Lynch: Film. visioni e incubi da Six Figures a Twin Peaks | ||
| 250 | _a1a ed. | ||
| 260 | _aROMA | ||
| 260 | _bSorbini Stefano Editore | ||
| 260 | _c1991 [1° Ed.:1991 - Ed.Ling.Originale:1991] | ||
| 300 | _a"15 p. (prefazione: no ; testo: 15 [pagine: 60-74])" | ||
| 500 | _aScheda e Analisi del Film del 1986. malattia dei Personaggi di Velluto Blu. falsa Dimensione di Normalità . Discendenza di Velluto Blu. | ||
| 650 | _aAUTORI/OPERE DEL CINEMA | ||
| 650 | _eCodice materia Spics: 6807 | ||
| 942 | _cBK | ||
| 957 | _71 | ||
| 999 |
_c83227 _d83227 |
||
| 999 | _g1 | ||